| Tag |
First Indicator |
Second Indicator |
Subfields |
| LEADER |
00000cam a2200000 4500 |
| 001 |
in00000036371 |
| 005 |
20200305092036.0 |
| 008 |
731010s1962 nyu 00001 eng u |
| 035 |
|
|
|a (OCoLC)00715618
|
| 035 |
|
|
|9 AAD0360AM
|
| 040 |
|
|
|c OSU
|d TXA
|d UtOrBLW
|
| 049 |
|
|
|a TXAM
|c 1 [410087]
|c 2 [410086]
|
| 090 |
|
|
|a PS3511.I9
|b T4 1962
|
| 092 |
|
|
|a 813
|b F553te
|
| 100 |
1 |
|
|a Fitzgerald, F. Scott
|q (Francis Scott),
|d 1896-1940.
|
| 245 |
1 |
0 |
|a Tender is the night /
|c F. Scott Fitzgerald.
|
| 264 |
|
1 |
|a New York :
|b C. Scribner's Sons,
|c [1962]
|
| 264 |
|
4 |
|c ©1962
|
| 300 |
|
|
|a 315 pages
|
| 336 |
|
|
|a text
|b txt
|2 rdacontent
|
| 337 |
|
|
|a unmediated
|b n
|2 rdamedia
|
| 338 |
|
|
|a volume
|b nc
|2 rdacarrier
|
| 999 |
|
|
|a MARS
|
| 999 |
f |
f |
|s 5e0deb1e-55c9-35eb-aeef-61d3836055fb
|i 94374f8d-dab7-315b-bb80-8640b06d5b76
|t 0
|
| 952 |
f |
f |
|p normal
|a Texas A&M University
|b College Station
|c Sterling C. Evans Library
|s Evans stk
|d Evans: Library Stacks
|t 0
|e PS3511.I9 T4 1962
|h Library of Congress classification
|i unmediated -- volume
|m A14801237047
|
| 998 |
f |
f |
|a PS3511.I9 T4 1962
|t 0
|l Evans: Library Stacks
|